Data processing

Saved in:
Bibliographic Details
Format: Serial
Language:English
Published: London IPC Electrical-Electronic Press
Tags: Add Tag
No Tags, Be the first to tag this record!

MARC

LEADER 00000nas1a2200000 4500
001 0010290
005 20250730114819.7
022 |a 0011-684X 
041 0 |a eng 
044 |a GB 
245 1 0 |a Data processing 
264 1 |a London  |b IPC Electrical-Electronic Press